000 00545nam a2200217Ia 4500
003 OSt
005 20230406120403.0
008 210423s2007 xx 000 0 und d
020 _a74620541
040 _cAL
041 _aeng
082 _a541.28
_223
_bCHAA
100 _aCHANDRA (A K).
_977102
245 _aIntroduction to quantum chemistry.
250 _a4
260 _aNew Delhi
_bNew Age International
_c2007
300 _axiii,389
_bPB
365 _b195
_cINR
906 _achemistry. ; Introduction ; quantum
942 _2ddc
_cBK
999 _c153919
_d153919